Contemporary physics / (Record no. 193608)
[ view plain ]
| 000 -LEADER | |
|---|---|
| fixed length control field | 00741 a2200181 4500 |
| 003 - CONTROL NUMBER IDENTIFIER | |
| control field | Nust |
| 005 - DATE AND TIME OF LATEST TRANSACTION | |
| control field | 20221202114410.0 |
| 020 ## - INTERNATIONAL STANDARD BOOK NUMBER | |
| International Standard Book Number | 0156225662 |
| 040 ## - CATALOGING SOURCE | |
| Transcribing agency | Nust |
| 082 ## - DEWEY DECIMAL CLASSIFICATION NUMBER | |
| Classification number | 539,PAR |
| 100 ## - MAIN ENTRY--PERSONAL NAME | |
| Personal name | David, Park |
| 9 (RLIN) | 103998 |
| 245 ## - TITLE STATEMENT | |
| Title | Contemporary physics / |
| Statement of responsibility, etc. | David, Park |
| 260 ## - PUBLICATION, DISTRIBUTION, ETC. | |
| Place of publication, distribution, etc. | New York |
| Name of publisher, distributor, etc. | Hawcourt Bruce and world inc |
| Date of publication, distribution, etc. | 1964 |
| 300 ## - PHYSICAL DESCRIPTION | |
| Extent | viii: 175 |
| 505 ## - FORMATTED CONTENTS NOTE | |
| Formatted contents note | Mathematical Philosophy (Page-1), The Atomic Picture of Nature (Page-19) Fields (Page-31), Gravity (Page-55), The Mossbauer Effect (Page-69), Elementary Particles (Page-79), Physics at High Energies (Page-99), Cooperative Phenomena (Page-131), Lasers (Page-151), Symmetry in Nature (Page-159). |
| 650 ## - SUBJECT ADDED ENTRY--TOPICAL TERM | |
| Topical term or geographic name entry element | Contemporary physics |
| 9 (RLIN) | 103999 |
| 942 ## - ADDED ENTRY ELEMENTS (KOHA) | |
| Source of classification or shelving scheme | |
| Koha item type | Book |
| Call number prefix | 539,PAR |
| Withdrawn status | Lost status | Source of classification or shelving scheme | Damaged status | Not for loan | Permanent Location | Current Location | Shelving location | Date acquired | Full call number | Barcode | Date last seen | Price effective from | Koha item type | Public note |
|---|---|---|---|---|---|---|---|---|---|---|---|---|---|---|
| Military College of Signals (MCS) | Military College of Signals (MCS) | General Stacks | 12/12/2016 | 539,PAR | MCS6389 | 12/08/2016 | 12/12/2016 | Book | Almirah No.16, Shelf No.6 |
